Publication des oeuvres complètes de Bartholomeo Borghesi... Troisième rapport du secrétaire de la commission / (Record no. 150676)

MARC details
000 -LEADER
campo de control de longitud fija 00499nam a2200157 i 4500
001 - NÚMERO DE CONTROL
campo de control 150676
003 - IDENTIFICADOR DE NÚMERO DE CONTROL
campo de control ES-MaACL
005 - FECHA Y HORA DE LA ÚLTIMA TRANSACCIÓN
campo de control 20230906203631.0
007 - CAMPO FIJO DE DESCRIPCIÓN FÍSICA--INFORMACIÓN GENERAL
campo de control de longitud fija t|
008 - DATOS DE LONGITUD FIJA--INFORMACIÓN GENERAL
campo de control de longitud fija 071105s1864 fr ||||1| fre d
100 1# - ENTRADA PRINCIPAL--NOMBRE DE PERSONA
Nombre de persona Desjardins, Ernest.
9 (RLIN) 43885
245 10 - MENCIÓN DEL TÍTULO
Título Publication des oeuvres complètes de Bartholomeo Borghesi... Troisième rapport du secrétaire de la commission /
Mención de responsabilidad, etc. Ernest Desjardins.
260 ## - PUBLICACIÓN, DISTRIBUCIÓN, ETC.
Lugar de publicación, distribución, etc. Paris :
Nombre del editor, distribuidor, etc. Didier,
Fecha de publicación, distribución, etc. [1864]
300 ## - DESCRIPCIÓN FÍSICA
Extensión 102 p. ;
Dimensiones 27 cm.
852 ## - LOCALIZACIÓN
Ubicación ES-MaACL
Número de control de estantería G-6259
Holdings
Estatus retirado Estado de pérdida Estado de daño No para préstamo Colección Biblioteca de origen Biblioteca actual Ubicación en estantería Fecha de adquisición Fuente de adquisición Total de préstamos Signatura topográfica completa Código de barras Visto por última vez Precio de reemplazo Tipo de ítem Koha
        Libros del s. XIX Biblioteca del Ateneo de Madrid Biblioteca del Ateneo de Madrid Depósito 2 17/01/2008     G-6259 1157223 23/02/2023 23/02/2023 Libro impreso antiguo